Writing education research : Guidelines for publishable scholarship

Beginning each chapter with reviewer comments, Writing Education Research is designed to help scholars understand both how to write effective research reports and how to get published. Practice exercises and resource lists in each chapter offer easy-to-access information about the review and publica...

詳細記述

保存先:
書誌詳細
第一著者: Egbert, Joy
フォーマット: 図書
言語:Undetermined
出版事項: London Routledge, Taylor & Francis Group 2015
主題:
タグ: タグ追加
タグなし, このレコードへの初めてのタグを付けませんか!
Thư viện lưu trữ: Trung tâm Học liệu Trường Đại học Cần Thơ
LEADER 01296nam a2200265Ia 4500
001 CTU_238417
008 210402s9999 xx 000 0 und d
082 |a 808.066378 
082 |b E28 
100 |a Egbert, Joy 
245 0 |a Writing education research : 
245 0 |b Guidelines for publishable scholarship 
245 0 |c Joy Egbert and Sherry Sanden. 
260 |a London 
260 |b Routledge, Taylor & Francis Group 
260 |c 2015 
520 |a Beginning each chapter with reviewer comments, Writing Education Research is designed to help scholars understand both how to write effective research reports and how to get published. Practice exercises and resource lists in each chapter offer easy-to-access information about the review and publication process. A perfect accompaniment to standard research courses, this practical book demystifies the writing process for anyone looking to publish articles, chapters, or papers in education. 
526 |a Giảng dạy môn Viết tiếng Anh 
526 |b SP639 
650 |a Kỹ năng viết,Writing skills,Luận văn, học thuật,Dissertations, academic 
650 |x Authorship 
904 |i Nhi 
910 |a Tuyến 
910 |b tttuyen 
980 |a Trung tâm Học liệu Trường Đại học Cần Thơ